| 000 | 00579nam a2200169 4500 | ||
|---|---|---|---|
| 001 | 125774 | ||
| 003 | ES-MaACL | ||
| 005 | 20230906192709.0 | ||
| 007 | t| | ||
| 008 | 070214s1977 sp r ||||1| spa d | ||
| 110 | 1 |
_aEspaña. _bRegistro General de la Propiedad Intelectual. _93958 |
|
| 245 | 1 | 0 | _aMemoria 1976. |
| 260 |
_aMadrid : _bDirección General del Patrimonio Artístico y Cultural, Comisaría Nacional de Bibliotecas, _c1977. |
||
| 300 |
_a19 p. ; _c21 cm. |
||
| 710 | 1 |
_aEspaña. _bComisaría Nacional de Bibliotecas. _93791 |
|
| 852 |
_aES-MaACL _j2093-F-14 _bR.96126 |
||
| 999 |
_c125774 _d125774 |
||